000 00553nam a2200193Ia 4500
008 101110s9999 xx 000 0 und d
041 _aENGLISH
082 _bSR6347
100 _aJoshi J.L.
245 _aDirectory of Indian Manuf. & Handbook commercial information
365 _b3
520 _aCommerce
546 _aENGLISH
630 _aDirectory of Indian Manuf. & Handbook commercial information
650 _aCommerce
655 _aCommerce
730 _aDirectory of Indian Manuf. & Handbook commercial information
942 _cBOOK
999 _c802235
_d802232